Tribhuvan University Central Library

Quantum theory (Record no. 104595)

MARC details
000 -LEADER
fixed length control field 00362nam a22001457a 4500
008 - FIXED-LENGTH DATA ELEMENTS--GENERAL INFORMATION
fixed length control field 220428b |||||||| |||| 00| 0 eng d
082 ## - DEWEY DECIMAL CLASSIFICATION NUMBER
Classification number 530.12/B318q
100 ## - MAIN ENTRY--PERSONAL NAME
Personal name Bates,D.R.
245 ## - TITLE STATEMENT
Title Quantum theory
260 ## - PUBLICATION, DISTRIBUTION, ETC.
Place of publication, distribution, etc. New York:
Name of publisher, distributor, etc. Academic press,
Date of publication, distribution, etc. 1962
300 ## - PHYSICAL DESCRIPTION
Other physical details 475p.
504 ## - BIBLIOGRAPHY, ETC. NOTE
Bibliography, etc. note Includes bibliography
650 ## - SUBJECT ADDED ENTRY--TOPICAL TERM
Topical term or geographic name entry element Quantum theory
942 ## - ADDED ENTRY ELEMENTS (KOHA)
Source of classification or shelving scheme Dewey Decimal Classification
Koha item type General Collections
Holdings
Withdrawn status Lost status Source of classification or shelving scheme Damaged status Not for loan Home library Current library Date acquired Total Checkouts Full call number Barcode Date last seen Date last checked out Price effective from Koha item type
    Dewey Decimal Classification     Tribhuvan University Central Library Tribhuvan University Central Library 04/28/2022 1 530.12/B318q 61431 05/22/2022 04/28/2022 04/28/2022 General Collections